000 00657nam a2200241 i 4500
001 bg
100 1 _aWÓJCIK, Wiesław
245 1 0 _aZapis konstrukcji :
_bmetodyka rozwiązywania zadań /
_cWiesław Wójcik ; Politechnika Lubelska.
250 _aWyd. 2.
260 _aLublin :
_bWydaw. PL,
_c1999.
300 _a79 s. ;
_c24 cm.
504 _aBibliogr.
650 9 _aGeometria wykreślna
655 _aPodręczniki akademickie
710 0 _aPolitechnika Lubelska
020 _a838811090X
040 _cBPK
041 0 _apl
080 _a514.18(075.8)
920 _a83-88110-90-X
942 _cKS
008 s pl f |000 0 pol
999 _c38474
_d38474
856 _uhttp://koha.tu.koszalin.pl/cgi-bin/koha/opac-detail.pl?biblionumber=38474
_yKatalog online BPK